| 000 | 00704nam a22001577a 4500 | ||
|---|---|---|---|
| 003 | OSt | ||
| 005 | 20150916174943.0 | ||
| 008 | 150916b xxu||||| |||| 00| 0 eng d | ||
| 040 | _cRUA | ||
| 082 | _aAGR HEN 2004 B029 Or.1 | ||
| 100 |
_9629 _aHENG SIVANTHA |
||
| 245 | _aMass selection of first generation sweet corn at royal university of agricultre experimental station in wet season 2003,(ការជរើសពូជពោតផ្អែមមេបាជំនាន់១ នៅស្ថានីយ៍ពិសោធន៍សាកលវិទ្យាល័យភូមិន្ទកសិកម្ម) | ||
| 260 |
_aphnom penh _bRUA _c2004 |
||
| 300 |
_axii,52p. _cill. _g29cm. |
||
| 942 |
_2ddc _cAGR |
||
| 999 |
_c603 _d603 |
||